Manažment v pohostinstve a hotelierstve /

Uloženo v:
Podrobná bibliografie
Hlavní autor: Sládek, Gustáv 1928- (Autor)
Médium: Kniha
Jazyk:slovenština
Vydáno: Bratislava : EPOS, 2007
Vydání:[1. vyd.]
Témata:
ISBN:9788080577186
On-line přístup: Získat plný text
Tagy: Přidat tag
Žádné tagy, Buďte první, kdo vytvoří štítek k tomuto záznamu!

MARC

LEADER 00000nam a2200000 4500
003 SK-BrCVT
005 20220621163822.0
008 080121s2007 xo e ||||||slo d
020 |a 9788080577186 
035 |a CVTIDW1430193 
040 |b slo  |a CVTI SR  |e AACR2 
041 0 |a slo 
044 |a xo 
080 |a 658.012.4  |2 UDC-MRF 
080 |a 640.4:658.1  |2 UDC-MRF 
080 |a 658.8  |2 UDC-MRF 
100 1 |a Sládek, Gustáv  |d 1928-,  |4 aut 
245 1 0 |a Manažment v pohostinstve a hotelierstve /  |c Gustáv Sládek 
250 |a [1. vyd.] 
260 |a Bratislava :  |b EPOS,  |c 2007 
300 |a 718 s. :  |b lit., tab. ; 
653 1 |a ubytovacie zariadenie  |a vybavenie interiéru  |a zásobovanie  |a cena služieb  |a produktivita práce  |a rentabilita podnikania  |a finančná analýza 
910 |b A603681 
919 |a 978-80-8057-718-6 
974 |f Knihy 
992 |a APP 
999 |c 159542  |d 159542